[Event "VCN SchaakFestival"]
[Site "Soest"]
[Date "1999.05.14"]
[Round "1"]
[White "Dolati, Farshid"]
[Black "Luijendijk, Herman"]
[Result "0-1"]
[WhiteElo "1500"]
[BlackElo "1953"]
[PlyCount "65"]
[EventDate "1999.05.14"]
[EventType "swiss"]
[EventRounds "7"]
[EventCountry "NED"]
[SourceTitle "EXT 2000"]
[Source "ChessBase"]
[SourceDate "1999.11.16"]
[SourceVersion "1"]
[SourceVersionDate "1999.11.16"]
[SourceQuality "1"]

1. e3 d5 2. Nf3 Nf6 3. Nc3 c5 4. b3 g6 5. Bb2 Bg7 6. Bb5+ Nc6 7. Bxc6+ bxc6 8. Na4 Qa5 9. Bxf6 Bxf6 10. c3 Ba6 11. a3 0-0 12. b4 cxb4 13. axb4 Qc7 14. Qc2 e5 15. h4 h5 16. Ng5 Rfd8 17. Nc5 Bc8 18. f3 Qe7 19. d4 Bxg5 20. hxg5 Qxg5 21. Kf2 Kg7 22. e4 exd4 23. cxd4 dxe4 24. Nxe4 Qd5 25. Rad1 Bf5 26. Rh4 a5 27. bxa5 Rxa5 28. Qe2 Ra2 29. Nd2 c5 30. Qe3 cxd4 31. Rxd4 Qxd4 32. Ke2 Qxe3+ 33. Kxe3 0-1